000 00260nam a2200121Ia 4500
008 231106s2020 xx 000 0 und d
041 _aeng
082 _a743.696
100 _aEVA DUTTON
245 _aHARING
260 _bSEARCH PRESS
_c2020
300 _aP-32
999 _c920127
_d920127